000 00582nam a2200193 i 4500
001 80928
003 ES-MaACL
005 20250808062531.0
007 t|
008 041102s1958 sp ||||1| spa d
100 1 _aHoward-Bennett, Rosemary.
_964390
245 1 0 _aYo escogí el claustro /
_cRosemary Howard-Bennett ; versión española de J. Fons Perales.
260 _aSan Sebastian :
_bDinor,
_c1958 (
_eBurgos :
_fAldecoa)
300 _a214 p. ;
_c19 cm.
490 1 _aPrisma
830 0 0 _aPrisma
_9180749
852 _aES-MaACL
_jC-14267
_bR.41836
999 _c80928
_d80928